00513nam a2200157Ia 4500008004100000082001600041100002300057245003900080250000800119260002900127300001100156650001800167942001200185952014300197999001500340150201s1999 xx 000 0 und d a616.7bM99T aTRAVELL , JANET G. aMYOFASCIAL PAIN AND DYSFUCTION - 1 a2ND bWILLIAMaBALTIMOREc1999 a1-1040 aPHYSIOTHERAPY 2ddccBK 00102ddc40718MEDICALaFMbFMcREFd2013-03-22eUBS DELHIg3985.00hIiSGTUl0o616.7 M99TpFM5463r2015-02-09 00:00:00w2013-03-22yBK c1546d1546